Door of the Wilderness: The Greek, Coptic, and Copto-Arabic Sayings of St. Antony of Egypt : An English Translation, with Introductions and Notes /
Saint Antony of Egypt (c. 251-356), often called "the father of monasticism," has numerous representations: the Antony of the Life of Antony and the Letters , but also the Antony of around 120 sayings or apophthegmata. This volume presents fresh English translations of the Greek and Coptic...
المؤلفون الرئيسيون: ,
التنسيق: كتاب الكتروني
اللغة: English
منشور في:
Leiden; Boston :
BRILL,
2022.
سلاسل:
Texts and Studies in Eastern Christianity ;
23.
الموضوعات:
الوصول للمادة أونلاين: Login to view Source
الوسوم: إضافة وسم
رقم الطلب: BS410
| LEADER | 02434nam a22004578i 4500 | ||
|---|---|---|---|
| 001 | BRILL9789004471870 | ||
| 003 | nllekb | ||
| 005 | 20230510123308.0 | ||
| 006 | m d | ||
| 007 | cr un uuuua | ||
| 008 | 200716s2022 ne sb 001 0 eng d | ||
| 020 | |a 9789004471870 |q (electronic book) | ||
| 020 | |a 9789004471863 |q (print) | ||
| 024 | 7 | |a 10.1163/9789004471870 |2 DOI | |
| 035 | |z (OCoLC)1256627302 | ||
| 040 | |a NL-LeKB |c NL-LeKB |e rda | ||
| 050 | 4 | |a BS410 | |
| 072 | 7 | |a HRC |2 bicssc | |
| 072 | 7 | |a REL |x 070000 | |
| 082 | 0 | 4 | |a 220.07 |2 23 |
| 100 | 1 | |a Agaiby, Elizabeth, |e author. | |
| 245 | 1 | 0 | |a Door of the Wilderness: The Greek, Coptic, and Copto-Arabic Sayings of St. Antony of Egypt : |b An English Translation, with Introductions and Notes / |c Elizabeth Agaiby, Tim Vivian. |
| 246 | 3 | |a An English Translation, with Introductions and Notes | |
| 264 | 1 | |a Leiden; |a Boston : |b BRILL, |c 2022. | |
| 300 | |a 1 online resource. | ||
| 336 | |a text |b txt |2 rdacontent | ||
| 337 | |a computer |b c |2 rdamedia | ||
| 338 | |a online resource |2 rdacarrier | ||
| 490 | 1 | |a Texts and Studies in Eastern Christianity ; |v 23 | |
| 504 | |a Includes bibliographical references and index. | ||
| 520 | |a Saint Antony of Egypt (c. 251-356), often called "the father of monasticism," has numerous representations: the Antony of the Life of Antony and the Letters , but also the Antony of around 120 sayings or apophthegmata. This volume presents fresh English translations of the Greek and Coptic sayings, as well as the first English translation of the Copto-Arabic sayings that are based on unpublished manuscripts. The volume thus opens the door to a richer image of Saint Antony's many identities across various languages and traditions. | ||
| 588 | |a Description based on print version record. | ||
| 650 | 0 | |a Ancient Near East and Egypt Religion. | |
| 650 | 0 | |a Biblical Studies. | |
| 700 | 1 | |a Vivian, Tim, |e author. | |
| 776 | 0 | 8 | |i Print version: |t Door of the Wilderness: The Greek, Coptic, and Copto-Arabic Sayings of St. Antony of Egypt : An English Translation, with Introductions and Notes. |d Leiden ; Boston : BRILL, 2022 |z 9789004471863 |
| 830 | 0 | |a Texts and Studies in Eastern Christianity ; |v 23. | |
| 856 | 4 | |z DOI: |u http://dx.doi.org/10.1163/9789004471870 | |
| 942 | |2 lcc |c EBOOK | ||
| 952 | |0 0 |1 0 |2 lcc |4 0 |6 BS0410 |7 1 |9 47277 |a BRILL |b BRILL |d 2023-05-10 |l 0 |o BS410 |r 2023-05-10 00:00:00 |w 2023-05-10 |y EBOOK | ||
| 999 | |c 52783 |d 52783 | ||
